U.S. States with the largest French-American Population - Statistics

General Stats
  • This quiz has been taken 52 times
  • The average score is 8 of 10
Answer Stats
Population State % Correct
834,540 New York
94%
618,426 Florida
88%
1,303,714 California
85%
1,069,558 Louisiana
83%
673,606 Texas
83%
942,230 Michigan
81%
947,319 Massachusetts
73%
485,902 Illinois
65%
464,159 Ohio
65%
370,490 Connecticut
52%
No matching quizzes found
Score Distribution
Percent of People with Each Score
Percentile by Number Answered
Your Score History
You have not taken this quiz